000 00743nam a2200265Ia 4500
005 20260302115044.0
008 008 260114s9999 xx 000 0 eng d
020 _a9781474218726
037 _aTextbook
040 _aCRL
040 _beng
040 _cCRL
041 _2eng
041 _aeng
084 _qCRL
100 _aSusana Araújo
_91120563
245 0 _aTransatlantic Fictions of 9/11 and the War on Terror Images of Insecurity, Narratives of Captivity
260 _bBloomsbury
260 _bBloomsbury Academic
260 _c2015
650 _aLiterary Studies
856 _uhttps://dx.doi.org/10.5040/9781474218726?locatt=label:secondary_bloomsburyCollections
942 _cEBOOK
999 _c1684795
_d1684795